000
00199 a2200097 4500
001
1591
100
_a
Brearley, H.
245
_a
Talks about steabnaking
260
_a
_b
A.S.M
_c
090
_c
1129
_d
1129
942
_a
NUST-CAE
_c
M
_c
1436
999
_c
236664
_d
236664